Tradenz : annual report for the year ended 30 June 1996.
| Corporate Author: | |
|---|---|
| Format: | Book |
| Published: |
[s.l]:
New Zealand Trade Development Board,
1996.
|
| Subjects: |
| LEADER | 00529cam a2200169 7i4500 | ||
|---|---|---|---|
| 001 | 0000005589 | ||
| 005 | 19991025090000.0 | ||
| 002 | ##000007227 | ||
| 020 | 0 | 0 | |a T000005644 |
| 090 | 0 | 0 | |a N.Z 380.1 |b TRA |
| 245 | 0 | 0 | |a Tradenz : |b annual report for the year ended 30 June 1996. |
| 260 | 0 | 0 | |a [s.l]: |b New Zealand Trade Development Board, |c 1996. |
| 300 | 0 | 0 | |a 96 p.. |
| 650 | 0 | 0 | |a New Zealand -- |x Commerce |
| 651 | 0 | 0 | |a New Zealand |
| 710 | 1 | 1 | |a New Zealand Tarde Development Board |
| 999 | |a 0000008372 |b Book |c Open shelf |e Business Information Centre | ||